Normal view
MARC view
- ABDUL HADI
Entry Personal Name
001 - CONTROL NUMBER
- control field: 72637
003 - CONTROL NUMBER IDENTIFIER
- control field: NUST
005 - DATE AND TIME OF LATEST TRANSACTION
- control field: 20210628204844.0
008 - FIXED-LENGTH DATA ELEMENTS
- fixed length control field: 210628|| aca||aabn | a|a d
040 ## - CATALOGING SOURCE
- Original cataloging agency: NUST
- Transcribing agency: NUST
100 ## - HEADING--PERSONAL NAME
- Personal name: ABDUL HADI
670 ## - SOURCE DATA FOUND
- Source citation: Work cat.: (NUST): ABDUL HADI , TH-SOF-0966-SUCCESS ANALYSIS OF PROFESSIONAL LEVEL SKILL DEVELOPMENT COURSE, 2001
